000 00200nam a2200085Ia 4500
008 170620s9999 xx 000 0 und d
100 _aBabshi P M
245 0 _aConstitution of India
260 _bUniversal Law Pub.
260 _c2006
999 _c29108
_d29108